UBT Library

Variable frequency AC motor drive systems / (Record no. 1380)

000 -LEADER
fixed length control field 00529nam a22001697a 4500
008 - FIXED-LENGTH DATA ELEMENTS--GENERAL INFORMATION
fixed length control field 151124b xxu||||| |||| 00| 0 eng d
020 ## - INTERNATIONAL STANDARD BOOK NUMBER
International Standard Book Number 0863411142
041 0# - LANGUAGE CODE
Language code of text/sound track or separate title eng
080 ## - UNIVERSAL DECIMAL CLASSIFICATION NUMBER
Universal Decimal Classification number 621.333
100 1# - Rafti
Rafti Finney, David.
245 10 - TITLE STATEMENT
Title Variable frequency AC motor drive systems /
Statement of responsibility, etc David Finney.
260 ## -
-- London, U.K. :
-- P. Peregrinus on behalf of the Institution of Electrical Engineers,
-- c1988.
300 ## -
-- 391 f. :
-- me ill. ;
-- 24 cm.
650 #0 -
-- Motorët elektrikë
650 #0 -
-- Rryma alternative
942 ## - ADDED ENTRY ELEMENTS (KOHA)
Source of classification or shelving scheme
Item type Books
Holdings
Withdrawn status Lost status Source of classification or shelving scheme Damaged status Not for loan Collection code Permanent location Current location Shelving location Date acquired Total Checkouts Full call number Barcode Date last seen Koha item type
          Koleksioni i përgjithshem UBT - Lipjan UBT - Lipjan Koleksioni i përgjithshem 11/24/2015   621.333 FIN 002-008767 11/24/2015 Books
UBT Library © 2015-2024. All rights reserved University Education for Business and Technology